000 01462cam a22004215i 4500
001 17567611
005 20170105102906.0
007 ta
008 120711s2012 ii ab b 001 0deng d
010 _a 2012353911
016 7 _a016173761
_2Uk
020 _a9788182746718
020 _a818274671X
025 _aI-E-2012-353911; 63-08; 63-09
035 _a(OCoLC)ocn809236305
035 _a(OCoLC)809236305
037 _aLibrary of Congress -- New Delhi Overseas Office
040 _aDKAGE
_beng
_erda
_cDKAGE
_dOCLCO
_dUKMGB
_dDLC
042 _alccopycat
_alcode
043 _aa-su---
_aa-pk---
050 0 0 _aHV6430.A2-ZB+
050 4 _aHV6430.B55
_bB43 2012
082 0 4 _a363.325092
_223
100 1 _aBhat, Anil,
_d1951-
245 1 0 _aAfter Abbottabad :
_bterror to turmoil in Pakistan /
_cAnil Bhat ; foreword by Mujahid Hussain.
300 _axx, 200 pages :
_billustrations, maps ;
_c24 cm
504 _aIncludes bibliographical references and index.
600 1 0 _aBin Laden, Osama,
_d1957-2011.
610 2 0 _aQaida (Organization)
_vBiography.
650 0 _aTerrorists
_zSaudi Arabia
_vBiography.
650 0 _aTerrorism
_xReligious aspects
_xIslam.
650 0 _aTerrorism
_zPakistan.
650 0 _aIslamic fundamentalism
_zPakistan.
650 0 _aSpecial operations (Military science)
_zUnited States.
906 _a7
_bpar
_ccopycat
_d3
_encip
_f20
_gy-gencatlg
942 _2ddc
_cBK
999 _c14878
_d14878